The Tai and The Tai Kingdoms : (Record no. 4984)
[ view plain ]
| 000 -LEADER | |
|---|---|
| fixed length control field | 00561cam a2200181ua 4500 |
| 008 - FIXED-LENGTH DATA ELEMENTS--GENERAL INFORMATION | |
| fixed length control field | 131023n ii |||gr||||Z||||||eng |
| 040 ## - CATALOGING SOURCE | |
| Transcribing agency | MAIN |
| 082 ## - DEWEY DECIMAL CLASSIFICATION NUMBER | |
| Classification number | 954.162 |
| 245 ## - TITLE STATEMENT | |
| Title | The Tai and The Tai Kingdoms : |
| Remainder of title | With a Fuller Treatment of The Tai-Ahom Kingdom in The Brahmaputra Valley / |
| Statement of responsibility, etc. | By Padmeswar Gogoi . |
| 250 ## - EDITION STATEMENT | |
| Edition statement | 1st ed. |
| 260 ## - PUBLICATION, DISTRIBUTION, ETC. | |
| Place of publication, distribution, etc. | Guwahati81-7331-015-7: |
| Name of publisher, distributor, etc. | Lawyers Book Stall, |
| Date of publication, distribution, etc. | 1999. |
| 300 ## - PHYSICAL DESCRIPTION | |
| Extent | x,541p. |
| 700 ## - ADDED ENTRY--PERSONAL NAME | |
| Personal name | Gogoi,Padmeswar, |
| Relator term | |
| 942 ## - ADDED ENTRY ELEMENTS (KOHA) | |
| Koha item type | Books |
| 653 ## - INDEX TERM--UNCONTROLLED | |
| Uncontrolled term | History |
| 653 ## - INDEX TERM--UNCONTROLLED | |
| Uncontrolled term | The Tai and The Tai Kingdoms |
| Withdrawn status | Lost status | Damaged status | Not for loan | Home library | Current library | Shelving location | Date acquired | Total Checkouts | Full call number | Barcode | Date last seen | Date last checked out | Copy number | Price effective from | Koha item type |
|---|---|---|---|---|---|---|---|---|---|---|---|---|---|---|---|
| Central Library, Naharkatiya College | Central Library, Naharkatiya College | General Stacks | 19/09/2020 | 2 | 954.162 | GOG | 17020 | 13/06/2024 | 18/01/2024 | 1 | 19/09/2020 | Books |
